Most Famous Food By Country - Statistics

General Stats
  • This quiz has been taken 74 times
  • The average score is 6 of 21
Answer Stats
Country Answer % Correct
Italy Pizza
95%
Japan Sushi
75%
Spain Paella
58%
Mexico Tacos
55%
France Baguette
44%
Canada Poutine
42%
India Curry
39%
Indonesia Fried Rice
33%
Switzerland Cheese Fondue
30%
United Kingdom Fish n Chips
28%
Peru Ceviche
22%
China Kung Pao Chicken
19%
Pakistan Beef Kebab
13%
Brazil Feijoada
13%
Australia Meat Pie
13%
United States Burgers
11%
Russia Pelmeni
6%
Phillipines Adobo
5%
Portugal Pastel De Nata
5%
Iran Stew
2%
New Zealand Crayfish
0%
No matching quizzes found
Score Distribution
Percent of People with Each Score
Percentile by Number Answered
Your Score History
You have not taken this quiz